[Event "Windsor NAYCC U10"]
[Site "Windsor"]
[Date "2016.08.09"]
[Round "5.132"]
[White "Zong, Davis Jr"]
[Black "Singireddy, Ruthvik"]
[Result "1-0"]
[WhiteElo "1675"]
[BlackElo "1398"]
[PlyCount "39"]
[EventDate "2016.08.07"]
[EventType "swiss"]
[EventRounds "9"]
[EventCountry "CAN"]
[SourceTitle "EXT 2022"]
[Source "ChessBase"]
[SourceDate "2021.10.06"]
[SourceVersion "1"]
[SourceVersionDate "2021.10.06"]
[SourceQuality "1"]

1. e4 e5 2. Nf3 Nc6 3. Bc4 Bc5 4. c3 Nf6 5. d3 0-0 6. 0-0 d5 7. exd5 Nxd5 8. Nbd2 Nb6 9. b4 Bd6 10. Bb3 Bf5 11. Qe2 a6 12. Ne4 Bxe4 13. Qxe4 h6 14. Bxh6 Be7 15. Qg6 Bf6 16. Ng5 Re8 17. Qxf7+ Kh8 18. Bxg7+ Bxg7 19. Qh5+ Bh6 20. Qxh6# 1-0

[Event "Windsor NAYCC U10"]
[Site "Windsor"]
[Date "2016.08.08"]
[Round "3.134"]
[White "Oberoi, Shelev"]
[Black "Singireddy, Ruthvik"]
[Result "1/2-1/2"]
[WhiteElo "1618"]
[BlackElo "1398"]
[PlyCount "59"]
[EventDate "2016.08.07"]
[EventType "swiss"]
[EventRounds "9"]
[EventCountry "CAN"]
[SourceTitle "EXT 2022"]
[Source "ChessBase"]
[SourceDate "2021.10.06"]
[SourceVersion "1"]
[SourceVersionDate "2021.10.06"]
[SourceQuality "1"]

1. e4 e5 2. Nf3 Nc6 3. Bc4 Bc5 4. c3 Nf6 5. d4 exd4 6. cxd4 Bb4+ 7. Bd2 Bxd2+ 8. Nbxd2 d5 9. exd5 Nxd5 10. 0-0 0-0 11. Ne5 Nxe5 12. dxe5 Nb6 13. Bb3 Re8 14. Qh5 Be6 15. Bxe6 Rxe6 16. Nf3 Qe7 17. b3 Nd7 18. Rfe1 Re8 19. Rad1 f6 20. Qf5 Nxe5 21. Rf1 Nxf3+ 22. Qxf3 c6 23. h3 Re2 24. Qg4 Qe4 25. Qd7 Re7 26. Qd8+ Kf7 27. Rd4 Qe6 28. Rg4 Re8 29. Qa5 Re1 30. Qh5+ 1/2-1/2